| 000 | 00740nam a22002297a 4500 | ||
|---|---|---|---|
| 003 | DO-SdBNP | ||
| 005 | 20260303090148.0 | ||
| 007 | ta | ||
| 008 | 210917b2021 dr ||||| |||| 00| 0 spa d | ||
| 020 | _a9789945098075 | ||
| 040 |
_aDO-SdBNP _bspa _cBNPHU |
||
| 082 | 4 | _222 | |
| 100 | 1 |
_aRodríguez Monegro, Nelson _979930 |
|
| 245 | 1 | 0 |
_aMédico de corazón / _cNelson Rodríguez Monegro ; prólogo Eliades Acosta Matos. |
| 260 |
_aSanto Domingo : _bSoto Castillo, _c2021. |
||
| 300 |
_a231 p. : _bil., retrs. ; _c23 cm. |
||
| 500 | _aIncluye datos biográficos del autor en las solapas | ||
| 590 | _aInventariado, 2021 /LP | ||
| 700 | 1 |
_aAcosta Matos, Eliades, _d1959- _eprólogo, _974479 |
|
| 910 | _aLpérez | ||
| 942 |
_2ddc _cLBS1 |
||
| 999 |
_c50552 _d50552 |
||